MESTSKÁ KNIŽNICA GIRALTOVCE  - online katalóg 

Všetky temné miesta (Record no. 24050)

000 -NÁVESTIE
fixed length control field 01208cam a2200337 4500
001 - EVIDENČNÉ ČÍSLO ZÁZNAMU - Kontrolné číslo
control field vtls012244861
005 - DÁTUM A ČAS POSLEDNEJ TRANSAKCIE
control field 20251111113830.0
008 - ÚDAJE S PEVNOU DĹŽKOU – VŠEOBECNÉ INFORMÁCIE
fixed length control field 231128s2023 xo g 010 f slo
020 ## - MEDZINÁRODNÉ ŠTANDARDNÉ ČÍSLO KNIHY (ISBN)
Medzinárodné štandardné číslo knihy (ISBN) 9788055656908
Qualifying information (viazané)
040 ## - ZDROJ KATALOGIZÁCIE
Pôvodná katalogizujúca agentúra SAVUK
Jazyk katalogizácie slo
Prepisujúca agentúra SAVUK
Modifikujúca agentúra SNK
Konvencie popisu rda
041 1# - KÓD JAZYKA
Kód jazyka textu/zvukovej stopy alebo samostatných nápisov slo
Kód jazyka originálu a/alebo sprostredkujúcich prekladov textu eng
044 ## - KÓD KRAJINY VYDAVATEĽA/PRODUCENTA
Kód krajiny MARC xo
Kód krajiny ISO SK
072 #7 - KÓD PREDMETOVEJ KATEGÓRIE
Kód predmetovej kategórie 821.111-3
Pododdiel kódu predmetovej kategórie Anglická próza, anglicky písaná
Zdroj konspekt
080 ## - ČÍSLO MEDZINÁRODNÉHO DESATINNÉHO TRIEDENIA (MDT)
Číslo Medzinárodného desatinného triedenia (MDT) 821.111(415)-31
Identifikátor vydania 2011
100 1# - OSOBNÉ MENÁ – VŠEOBECNÉ INFORMÁCIE
Osobné meno Boyne, John,
Dátumy súvisiace s menom 1971-
Kód roly aut
-- 5286
240 10 - UNIFIKOVANÝ NÁZOV
Unifikovaný názov All the broken places
Jazyk diela Slovensky
245 10 - NÁZOV
Názov Všetky temné miesta
Údaj o zodpovednosti atď. John Boyne ; z angličtiny preložila Alena Redlingerová
264 #1 - VYDAVATEĽSKÉ ÚDAJE, DISTRIBÚCIA ATĎ. - RDA
Miesto publikovania, distribúcie atď. Bratislava
Názov vydavateľa, distibútora atď. Slovart
Dátum publikovania, distribúcie atď. 2023
300 ## - FYZICKÝ POPIS
Rozsah 340 strán
Rozmery 22 cm
336 ## - TYP OBSAHU
Typ obsahu - termín text
Typ obsahu - kód txt
Zdroj rdacontent
337 ## - TYP MÉDIA
Typ média - termín bez média
Typ média - kód n
Zdroj rdamedia
338 ## - TYP NOSIČA
Typ nosiča - termín zväzok
Typ nosiča - kód nc
Zdroj rdacarrier
500 ## - VŠEOBECNÁ POZNÁMKA
Formátovaná poznámka o obsahu Obsahuje biografické údaje o autorovi na záložke prebalu publikácie
655 #7 - INDEXAČNÝ TERMÍN – ŽÁNER/FORMA
Údaje o žánri/forme alebo termín, ktorý je prvok fazety írske romány (anglicky)
Zdroj termínu SNKPH
-- 2550
655 #7 - INDEXAČNÝ TERMÍN – ŽÁNER/FORMA
Údaje o žánri/forme alebo termín, ktorý je prvok fazety Irish fiction (English)
Zdroj termínu SNKPHeng
-- 2551
700 1# - PRIDANÝ VSTUP – OSOBNÉ MENO
Osobné meno Redlingerová, Alena,
Dátumy súvisiace s menom 1946-
Kód roly trl
-- 3892
700 1# - PRIDANÝ VSTUP – OSOBNÉ MENO
Osobné meno Boyne, John,
Dátumy súvisiace s menom 1971-
Názov diela Chlapec v pásikavom pyžame
-- 5287
958 ## - Formálny deskriptor
Formálny deskriptor LX
958 ## - Formálny deskriptor
Formálny deskriptor UP
Holdings
Stav stiahnutia (Blokovanie) (Withrawn status) Stav straty Zdroj klasifikácie pre skladovanie Stav poškodenia (Damaged status) Nie pre výpožičky (Not for loan) Spôsob nadobudnutia (Collection code) Trvalé umiestnenie Aktuálne umiestnenie Dátum nadobudnutia Náklady, bežná kúpna cena Inventárne číslo (prírastkové číslo) Celkom výpožičky Full call number Čiarový kód Dátum posledného výskytu Dátum poslednej výpôžičky Cena s účinnosťou od Typ jednotky Koha
          Kúpa Mestská knižnica Giraltovce Mestská knižnica Giraltovce 2025-11-11 13.39 22411 2 B10927 B10927 2026-04-21 2026-02-11 2025-11-11 Krásna literatúra pre dospelých

Powered by Koha